|
|
|
|
| LEADER |
00000nam a2200000 a 4500 |
| 001 |
vtls008858886 |
| 003 |
SK-MaSNL |
| 005 |
20260301044502.0 |
| 008 |
251112s1558 it 1 0 lat |
| 015 |
|
|
|a SNBHFA
|
| 035 |
|
|
|a cpl000119654
|
| 040 |
|
|
|a SNKHF
|b slo
|c SNKHF
|e rda
|
| 041 |
0 |
|
|a lat
|
| 044 |
|
|
|a it
|c IT
|
| 072 |
|
7 |
|a 32
|x Politika
|2 konspekt
|
| 080 |
|
|
|a 32
|2 2011
|
| 080 |
|
|
|a 33
|2 2011
|
| 100 |
0 |
|
|a Aristoteles,
|d 384 pred Kr.-322 pred Kr
|4 aut
|9 186400
|
| 245 |
1 |
0 |
|a Politicorum siue de Republica Libri Octo Leonardo Aretino Interprete Cvm D. Thomae Aqvinatis Explanatione nunc denuo summa cura ad manuscriptum exemplar collata, atque compluribus in locis restituta. Quibus antiqua (vt se habebat) eorundem adiecta est quae delitescebat, Politicorum interpretatio, quam D. Tho. olim exponendo secutus est, Ex vetusto et manuscripto codice inter imprimendum oblata. His accessere ipsius D. Thomae De Regimine Principvm libri quantuor longe pulcherrimi, ex Opusculis illius excerpti: qui cum ad rem maxime conferre uiderentur, in calce operis appositi leguntur. Oeconomica etiam ex antiqua interpretatione, e duobus manuscriptis codicibus desumpta, ne perirent, tanquaam Corollarium quoddam sunt addita. Ivl. Martiani Rotae Labore Ac Diligentia, Cum Indice locupletissimo omnium, quae tam in libris Politicorum Aristotelis, quam in expositione D. Thomae Aquinatis notatu digna visa sunt
|c Aristotelis Stagiritae
|
| 264 |
|
3 |
|a Venetiis
|b Apvd impressum, in officina haeredum Lucae Antonij Ivntas
|c MDLVIII (1558)
|
| 300 |
|
|
|a 8 nečíslovaných listov, 168, 27 listov
|c 8°
|c 31,5 x 21,5 cm
|
| 336 |
|
|
|a text
|b txt
|2 rdacontent
|
| 337 |
|
|
|a bez média
|b n
|2 rdamedia
|
| 338 |
|
|
|a zväzok
|b nc
|2 rdacarrier
|
| 500 |
|
|
|a Signet, iniciálky s figurálnym pozadím v rámčeku na 5 a 8 r.
|
| 501 |
|
|
|a Príväzok 1.: AKVINSKÝ, Tomáš - svätý. S. Tho. super Ethica. Venetijs: Octauiani Scoti. 1531. 8°.
|5 SNK IB 39546/prív.1
|
| 510 |
0 |
|
|a Cranz I/108.362
|
| 561 |
|
|
|a Proveniencia: Zach. Moshocij Protrij protonarij Canonicij Nitrien et Vicari 1569. - Conventus Posoniensis Fratru Minorum. - pečiatka Bibliotheca prov. S. Mariae O. FF. M. - 8312 - MS Ba Fr. 4892 Bap.
|5 SNK IB 39546
|
| 563 |
|
|
|a Väzba: pergamenová.
|5 SNK IB 39546
|
| 650 |
0 |
7 |
|a politika
|2 SNKPH
|9 968
|
| 650 |
0 |
7 |
|a ekonomika
|2 SNKPH
|9 789
|
| 700 |
1 |
|
|a Bruni, Leonardo,
|d 1370-1444
|4 aut
|9 173012
|
| 700 |
0 |
|
|a Tomáš Akvinský,
|c svätý,
|d 1225-1274
|4 aut
|9 156171
|
| 700 |
1 |
|
|a Rota, Julianus Martianus
|d 16. stor
|4 zos
|9 130219
|
| 700 |
1 |
|
|a Mošovský, Zachariáš
|d 1569
|4 fmo
|9 350971
|
| 700 |
1 |
|
|a Giunta, Luca Antonio,
|c starší - dedičia,
|d 16. storočie
|4 prt
|9 72357
|
| 700 |
1 |
|
|a Amulio, Marco Antonio,
|d 1505-okolo 1570
|4 hnr
|9 195906
|
| 700 |
1 |
|
|a Giunta, Tomaso
|4 dto
|9 350972
|
| 710 |
0 |
|
|a Giunta, Luca Antonio starší - dedičia (Benátky, Taliansko),
|d 1538-1569
|4 prt
|9 211575
|
| 710 |
0 |
|
|a Františkáni (Bratislava, Slovensko)
|4 fmo
|9 281881
|
| 752 |
|
|
|a Taliansko
|d Benátky
|
| 852 |
|
|
|a snk
|h IB 39546
|
| 958 |
|
|
|a DA
|
| 958 |
|
|
|a ONDV
|
| 999 |
|
|
|c 596106
|d 598036
|
| 952 |
|
|
|t Tlače 16. storočia
|a SNK
|b SNK
|c SNK_HF
|y PREZ
|7 0
|p 17A1359312
|o snkIB 39546
|i snkF 1030/79
|0 0
|1 0
|4 0
|d 2021-09-22
|l 0
|r 2026-02-23 15:39:00
|w 2026-02-23
|